|
|
|
|
| LEADER |
00000naa2a2200000 4500 |
| 001 |
143599 |
| 005 |
20240205141810.0 |
| 035 |
|
|
|a (RuTPU)RU\TPU\book\155620
|
| 090 |
|
|
|a 143599
|
| 100 |
|
|
|a 20080922d2005 k y0rusy50 ca
|
| 101 |
0 |
|
|a rus
|
| 102 |
|
|
|a RU
|
| 200 |
1 |
|
|a Оценка техногенного загрязнения территории ЗАТО Северск
|f Н. К. Рыжакова, А. Л. Борисенко
|
| 463 |
|
0 |
|0 (RuTPU)RU\TPU\book\111465
|t Медицинские и экологические эффекты ионизирующего излучения
|o материалы III Международной научно-практической конференции, 20-21 апреля 2005 г., Томск
|f Северский биофизический научный центр; Сибирский государственный медицинский университет
|v С. 168-170
|d 2005
|p 240 с.
|
| 610 |
1 |
|
|a загрязнения
|
| 610 |
1 |
|
|a техногенные загрязнения
|
| 610 |
1 |
|
|a оценка
|
| 610 |
1 |
|
|a Северск
|
| 610 |
1 |
|
|a нейтронно-активационный анализ
|
| 610 |
1 |
|
|a методы анализа
|
| 610 |
1 |
|
|a труды учёных ТПУ
|
| 700 |
|
1 |
|a Рыжакова
|b Н. К.
|c физик
|c доцент Томского политехнического университета, кандидат физико-математических наук
|f 1947-
|g Надежда Кирилловна
|3 (RuTPU)RU\TPU\pers\28003
|9 12992
|
| 701 |
|
1 |
|a Борисенко
|b А. Л.
|
| 801 |
|
1 |
|a RU
|b 63413507
|c 20080922
|g PSBO
|
| 801 |
|
2 |
|a RU
|b 63413507
|c 20151116
|g RCR
|
| 942 |
|
|
|c BK
|